[Event "Open 150' Unita' d'Italia B"]
[Site "Torino ITA"]
[Date "2011.06.05"]
[Round "8"]
[White "Ivaldo, Fabrizio"]
[Black "Guerra, Mirko"]
[Result "1/2-1/2"]
[WhiteElo "1925"]
[BlackElo "1674"]
[PlyCount "139"]
[EventDate "2011.05.31"]

1. e4 c5 2. Nf3 e6 3. c3 d5 4. exd5 exd5 5. d4 c4 6. b3 b5 7. a4 bxa4 8. bxc4
Nf6 9. cxd5 Qxd5 10. Qxa4+ Bd7 11. Qc4 Bd6 12. Qxd5 Nxd5 13. Bd3 O-O 14. O-O
Nc6 15. Ng5 h6 16. Ne4 Be7 17. Ba3 Bxa3 18. Nxa3 Nf4 19. Bc2 Ne7 20. g3 Ne2+
21. Kg2 Rac8 22. Nb1 Nd5 23. Rxa7 Be6 24. Ra3 Nxd4 25. cxd4 Rxc2 26. Kf3 Rc4
27. Rd3 Bf5 28. Nbd2 Rc7 29. Ra3 Nb4 30. Rc3 Rd7 31. Rc4 Nd5 32. Nc5 Rc7 33.
Re1 Nf6 34. Re5 Bg6 35. h3 Rfc8 36. Ke3 Kf8 37. f4 Kg8 38. g4 Ne8 39. f5 f6 40.
Re4 Bf7 41. Rb4 Nd6 42. Rf4 Re8+ 43. Kd3 Rce7 44. Nde4 Nxe4 45. Rxe4 Rxe4 46.
Nxe4 Bd5 47. Nf2 Kf7 48. Rb5 Bf3 49. Rb2 Bd5 50. Rc2 Re7 51. Rc5 Bb7 52. Ra5 g6
53. fxg6+ Kxg6 54. h4 Bf3 55. d5 Re5 56. Kd4 Re2 57. h5+ Kf7 58. Ra7+ Ke8 59.
Rh7 Rxf2 60. Ke3 Rf1 61. Rxh6 Bxg4 62. d6 Kd7 63. Rh8 Kxd6 64. h6 Bf5 65. h7
Bxh7 66. Rxh7 Ke6 67. Ra7 Kf5 68. Ra5+ Kg4 69. Ra4+ Kg3 70. Ra8 1/2-1/2

[Event "Open 150' Unita' d'Italia B"]
[Site "Torino ITA"]
[Date "2011.06.05"]
[Round "8"]
[White "Mantovan, Giuseppe"]
[Black "Bisi, Samuele"]
[Result "0-1"]
[WhiteElo "1837"]
[BlackElo "1940"]
[PlyCount "72"]
[EventDate "2011.05.31"]

1. d4 Nf6 2. c4 e6 3. Nc3 Bb4 4. e3 c5 5. Nge2 cxd4 6. exd4 O-O 7. a3 Be7 8.
Nf4 d5 9. cxd5 exd5 10. Bd3 Nc6 11. Be3 Re8 12. O-O Bd6 13. Nh5 Bxh2+ 14. Kxh2
Ng4+ 15. Kg1 Qh4 16. Bf4 Qxh5 17. f3 Nf6 18. Qd2 Bf5 19. Nb5 Bxd3 20. Qxd3 Re7
21. Nd6 g5 22. Bd2 Re6 23. Nb5 Rae8 24. Qf5 h6 25. Rae1 Ne7 26. Qh3 Qxh3 27.
gxh3 Nf5 28. Rxe6 Rxe6 29. Re1 Kf8 30. f4 Ne4 31. Bc1 a6 32. Nc3 Nxd4 33. Kh1
Nc2 34. Rg1 Nxc3 35. bxc3 gxf4 36. Bxf4 Nxa3 0-1

[Event "Open 150' Unita' d'Italia B"]
[Site "Torino ITA"]
[Date "2011.06.05"]
[Round "8"]
[White "Paoli, Mario"]
[Black "Militello, Michele"]
[Result "0-1"]
[WhiteElo "1802"]
[BlackElo "1811"]
[PlyCount "112"]
[EventDate "2011.05.31"]

1. c4 e5 2. Nc3 Nf6 3. d3 d5 4. cxd5 Nxd5 5. Nf3 Nc6 6. e4 Nb6 7. Be3 Be7 8. a3
Be6 9. Be2 O-O 10. O-O Bf6 11. Na4 Nd4 12. Nxd4 exd4 13. Bf4 Bg5 14. Bg3 Nxa4
15. Qxa4 a5 16. f4 Be7 17. f5 Bc8 18. Rac1 c5 19. e5 Bd7 20. Qb3 b5 21. f6 gxf6
22. exf6 Bxf6 23. Bf3 Be6 24. Qd1 Ra7 25. Be4 Bg5 26. Bf4 f5 27. Bc6 Bxf4 28.
Rxf4 Qd6 29. Qf3 Rg7 30. Rc2 Rc8 31. Bxb5 Kh8 32. Bc4 Bd7 33. Rf2 Bc6 34. Qh3
Re8 35. g3 Re1+ 36. Rf1 Qe5 37. Rxf5 Qe3+ 38. R5f2 Bd7 39. Qg2 h5 40. Qa8+ Kh7
41. Qf3 Rxf1+ 42. Kxf1 Bh3+ 43. Kg1 Qe1+ 44. Rf1 Qxf1+ 45. Qxf1 Bxf1 46. Kxf1
h4 47. Kg2 hxg3 48. hxg3 Re7 49. b3 Re2+ 50. Kf3 Ra2 51. a4 Kg7 52. Ke4 Rh2 53.
g4 Kf6 54. Kd5 Kg5 55. Kc6 Rh6+ 56. Kb5 Rd6 0-1

[Event "Open 150' Unita' d'Italia B"]
[Site "Torino ITA"]
[Date "2011.06.05"]
[Round "8"]
[White "Razzano, Lorenzo"]
[Black "Martin, Tiziano"]
[Result "1/2-1/2"]
[WhiteElo "1951"]
[BlackElo "1936"]
[PlyCount "74"]
[EventDate "2011.05.31"]

1. e4 e6 2. Nf3 d5 3. Nc3 dxe4 4. Nxe4 Be7 5. d4 Nf6 6. Bd3 O-O 7. Nxf6+ Bxf6
8. Be3 Nd7 9. Qe2 c5 10. O-O-O Qa5 11. Kb1 cxd4 12. Bxd4 Bxd4 13. Qe4 Nf6 14.
Qxd4 Bd7 15. Rhe1 Bc6 16. Re5 Qc7 17. Rg5 h6 18. Rg3 Rfd8 19. Qe5 Qxe5 20. Nxe5
Be8 21. Re3 Nd5 22. Ree1 f6 23. Nc4 Kf7 24. a3 Rac8 25. Ne3 Bc6 26. Nxd5 Bxd5
27. Bf1 Ke7 28. f3 g5 29. Rd3 Bc6 30. Red1 Rxd3 31. Bxd3 Be8 32. Rd2 Bg6 33. b3
Rc3 34. Kb2 Rc7 35. Bb5 Be8 36. Bxe8 Kxe8 37. c4 Ke7 1/2-1/2

[Event "Open 150' Unita' d'Italia B"]
[Site "Torino ITA"]
[Date "2011.06.05"]
[Round "8"]
[White "Riccardi, Mauro"]
[Black "Manunta, Andrea"]
[Result "1-0"]
[WhiteElo "1833"]
[BlackElo "1882"]
[PlyCount "75"]
[EventDate "2011.05.31"]

1. d4 Nf6 2. Bg5 e6 3. e4 h6 4. Bxf6 Qxf6 5. Nc3 Bb4 6. Qd3 O-O 7. a3 Ba5 8. g3
c6 9. Bg2 d6 10. Nge2 e5 11. O-O Bb6 12. d5 c5 13. Nd1 a6 14. Ne3 Qe7 15. c4
Bd7 16. Qb3 Qd8 17. Nc3 a5 18. Nf5 Be8 19. f4 a4 20. Qd1 g6 21. Nxh6+ Kg7 22.
Ng4 exf4 23. gxf4 Qh4 24. f5 Rh8 25. Qf3 Nd7 26. fxg6 fxg6 27. h3 Rf8 28. Qe2
Bd8 29. Rxf8 Nxf8 30. Rf1 Nh7 31. e5 Qg3 32. exd6 Nf6 33. Nxf6 Bxf6 34. Rxf6
Bf7 35. Qf2 Qxf2+ 36. Rxf2 Be8 37. Ne4 Bd7 38. Nxc5 1-0

[Event "Open 150' Unita' d'Italia B"]
[Site "Torino ITA"]
[Date "2011.06.05"]
[Round "9"]
[White "Banchio, Davide"]
[Black "Blundo, Michele"]
[Result "1-0"]
[WhiteElo "1976"]
[BlackElo "1728"]
[PlyCount "59"]
[EventDate "2011.05.31"]

1. e4 c5 2. Nf3 d6 3. d4 cxd4 4. Nxd4 Nf6 5. Nc3 a6 6. Bc4 e6 7. Bb3 Be7 8. Be3
Bd7 9. Qe2 Nc6 10. O-O-O Na5 11. g4 h6 12. h4 Rc8 13. g5 Rxc3 14. gxf6 Rxe3 15.
fxe7 Nxb3+ 16. axb3 Rxe2 17. exd8=Q+ Kxd8 18. Nxe2 Ke7 19. Rd2 Rd8 20. h5 Bc6
21. f3 e5 22. Nc3 f5 23. Rg1 Rg8 24. Rg6 fxe4 25. fxe4 Be8 26. Nd5+ Kf8 27.
Rf2+ Bf7 28. Rxd6 Ke8 29. Rf5 Bxd5 30. Rxd5 1-0

[Event "Open 150' Unita' d'Italia B"]
[Site "Torino ITA"]
[Date "2011.06.05"]
[Round "9"]
[White "D'Amato, Piergiorgio"]
[Black "Paoli, Mario"]
[Result "1-0"]
[WhiteElo "1855"]
[BlackElo "1802"]
[PlyCount "44"]
[EventDate "2011.05.31"]

1. e4 g6 2. d4 Bg7 3. Nc3 d6 4. f4 e6 5. Nf3 Nf6 6. Bd3 c6 7. O-O O-O 8. f5
exf5 9. exf5 c5 10. dxc5 dxc5 11. fxg6 fxg6 12. Bc4+ Kh8 13. Ne5 Qc7 14. Bf4
Qe7 15. Re1 Be6 16. Bxe6 Nc6 17. Nxc6 bxc6 18. Bd6 Rad8 19. Bxe7 Rxd1 20. Raxd1
Nd5 21. Nxd5 cxd5 22. Bxd5 Re8 1-0

[Event "Open 150' Unita' d'Italia B"]
[Site "Torino ITA"]
[Date "2011.06.05"]
[Round "9"]
[White "Giacchino, Claudio"]
[Black "De Renzi, Giuseppe"]
[Result "1/2-1/2"]
[WhiteElo "1664"]
[BlackElo "1550"]
[PlyCount "29"]
[EventDate "2011.05.31"]

1. e4 d6 2. d4 Nf6 3. Nc3 g6 4. Nf3 Bg7 5. h3 c5 6. dxc5 Qa5 7. Bd3 Qxc5 8. Be3
Qa5 9. O-O a6 10. Qd2 Qh5 11. Na4 Bxh3 12. Ng5 Bxg2 13. Kxg2 Qg4+ 14. Kh2 Qh4+
15. Kg2 1/2-1/2

[Event "Open 150' Unita' d'Italia B"]
[Site "Torino ITA"]
[Date "2011.06.05"]
[Round "9"]
[White "Guerra, Mirko"]
[Black "Iacomussi, Mario"]
[Result "1/2-1/2"]
[WhiteElo "1674"]
[BlackElo "1755"]
[PlyCount "43"]
[EventDate "2011.05.31"]

1. d3 d5 2. g3 e5 3. Nf3 Nc6 4. Bg2 Bf5 5. O-O Bd6 6. c4 dxc4 7. dxc4 Nf6 8. a3
O-O 9. Nc3 Be6 10. b3 Qe7 11. Qc2 h6 12. Nb5 e4 13. Nd2 Be5 14. Bb2 Bxb2 15.
Qxb2 Bf5 16. e3 Rad8 17. Nc3 Ne5 18. Qc2 Qe6 19. Ndxe4 Nxe4 20. Nxe4 Bxe4 21.
Qxe4 Rd6 22. f4 1/2-1/2

[Event "Open 150' Unita' d'Italia B"]
[Site "Torino ITA"]
[Date "2011.06.05"]
[Round "9"]
[White "Gussone, Claudio"]
[Black "Abbura', Davide"]
[Result "0-1"]
[WhiteElo "1773"]
[BlackElo "1706"]
[PlyCount "86"]
[EventDate "2011.05.31"]

1. b3 g6 2. Bb2 Nf6 3. e4 d6 4. d3 Bg7 5. Nf3 e5 6. h3 O-O 7. Be2 Be6 8. O-O
Nc6 9. Nbd2 h6 10. c3 Nh5 11. d4 exd4 12. Nxd4 Nxd4 13. Bxh5 Nb5 14. Bf3 Bxc3
15. Bxc3 Nxc3 16. Qc2 Nb5 17. Qb2 c6 18. Rfd1 Qg5 19. a4 Nc7 20. Kh1 Rad8 21.
Be2 d5 22. f4 Qxf4 23. Rf1 Qe3 24. Rae1 dxe4 25. Nc4 Qd4 26. Qc1 Qg7 27. Qf4 f5
28. Rd1 Nd5 29. Qf2 Nc3 30. Rc1 Nxe2 31. Qxe2 Rd7 32. Qf2 Bxc4 33. Rxc4 Rfd8
34. Qxa7 Rd1 35. Rc1 Rxf1+ 36. Rxf1 Qe7 37. Qe3 Kh7 38. Qf4 Qd6 39. Qf2 Qe7 40.
Qf4 e3 41. Re1 e2 42. Rxe2 Rd1+ 43. Kh2 Qxe2 0-1

[Event "Open 150' Unita' d'Italia B"]
[Site "Torino ITA"]
[Date "2011.06.05"]
[Round "9"]
[White "Labarthe, Arnaud"]
[Black "Bisi, Samuele"]
[Result "1/2-1/2"]
[WhiteElo "1877"]
[BlackElo "1940"]
[PlyCount "42"]
[EventDate "2011.05.31"]

1. d4 Nf6 2. c4 e6 3. Nf3 c5 4. d5 b5 5. Bg5 exd5 6. cxd5 d6 7. e4 a6 8. a4 Be7
9. Qc2 Nxd5 10. Bd2 Nc7 11. axb5 O-O 12. Nc3 Bb7 13. Bd3 axb5 14. Rxa8 Bxa8 15.
Nxb5 Nxb5 16. Bxb5 Nd7 17. O-O Nf6 18. Bd3 Re8 19. Bc3 c4 20. Bxc4 Bxe4 21. Qe2
Qb6 1/2-1/2

[Event "Open 150' Unita' d'Italia B"]
[Site "Torino ITA"]
[Date "2011.06.05"]
[Round "9"]
[White "Martin, Tiziano"]
[Black "Riccardi, Mauro"]
[Result "0-1"]
[WhiteElo "1936"]
[BlackElo "1833"]
[PlyCount "94"]
[EventDate "2011.05.31"]

1. d4 Nf6 2. Nf3 g6 3. Bg5 Bg7 4. Nbd2 d5 5. e3 O-O 6. Bd3 c5 7. c3 b6 8. Qe2
Bb7 9. Ne5 Nfd7 10. f4 f6 11. Nxd7 Qxd7 12. Bh4 e5 13. O-O exd4 14. exd4 cxd4
15. cxd4 Re8 16. Qf2 Ba6 17. Bxa6 Nxa6 18. f5 Bh6 19. Rae1 Rxe1 20. Rxe1 Qxf5
21. Qxf5 gxf5 22. Nb1 Kf7 23. Nc3 Nb4 24. Re2 Rc8 25. a3 Nd3 26. h3 Nxb2 27.
Nxd5 Rd8 28. Nc3 Nc4 29. Nb5 a6 30. Nc7 Rxd4 31. Nxa6 Rd1+ 32. Kf2 Bg5 33. Bxg5
fxg5 34. Rc2 Rd2+ 35. Rxd2 Nxd2 36. Nb4 Ke6 37. Ke2 Nc4 38. Nc2 Kd5 39. Kd3 Kc5
40. Kc3 b5 41. Kd3 h5 42. g3 Ne5+ 43. Kc3 f4 44. gxf4 gxf4 45. Nd4 f3 46. Nf5
Nc4 47. Kb3 h4 0-1

[Event "Open 150' Unita' d'Italia B"]
[Site "Torino ITA"]
[Date "2011.06.05"]
[Round "9"]
[White "Militello, Michele"]
[Black "Di Chiara, Mauro"]
[Result "0-1"]
[WhiteElo "1811"]
[BlackElo "1955"]
[PlyCount "142"]
[EventDate "2011.05.31"]

1. d4 d6 2. Nf3 g6 3. c4 Bg7 4. Nc3 Nf6 5. e4 O-O 6. Be2 e5 7. d5 a5 8. Bg5 h6
9. Bh4 Na6 10. Nd2 Bd7 11. g4 Qe8 12. Rg1 Nh7 13. Nf1 Ng5 14. Bxg5 hxg5 15. Ne3
Qe7 16. Qd2 Nc5 17. O-O-O f5 18. gxf5 gxf5 19. exf5 Bxf5 20. Nxf5 Rxf5 21. f3
Rf4 22. Kb1 e4 23. Nxe4 Nxe4 24. fxe4 Qxe4+ 25. Bd3 Qe5 26. Rge1 Qf6 27. Re6
Rf2 28. Rxf6 Rxd2 29. Rxd2 Bxf6 30. Bf5 Kg7 31. Re2 Be5 32. h3 Rf8 33. Bg4 Rf4
34. b3 a4 35. Kc2 axb3+ 36. axb3 b5 37. cxb5 Rb4 38. Bd7 Rd4 39. Bg4 Rxd5 40.
Bd7 Rc5+ 41. Kd2 Kf6 42. Rf2+ Bf4+ 43. Kd3 Ke7 44. Bc6 Be5 45. Rf3 Ke6 46. Kd2
d5 47. Kd1 d4 48. Rd3 Kf5 49. Rf3+ Bf4 50. Rd3 Be3 51. Ke2 Kf4 52. Rd1 Rc2+ 53.
Kd3 Rc3+ 54. Ke2 Rxb3 55. Bd7 Kg3 56. Ra1 Bf4 57. Rg1+ Kh2 58. Rd1 Re3+ 59. Kf1
d3 60. Rd2+ Kg3 61. Rg2+ Kh4 62. Bg4 Bg3 63. Rd2 Be1 64. Rd1 Bg3 65. Rd2 Bf4
66. Rd1 Kg3 67. Re1 Rf3+ 68. Bxf3 Kxf3 69. Re7 d2 70. Rd7 Bd6 71. Rf7+ Ke3 0-1

[Event "Open 150' Unita' d'Italia B"]
[Site "Torino ITA"]
[Date "2011.06.05"]
[Round "9"]
[White "Negro, Francesco P."]
[Black "Mantovan, Giuseppe"]
[Result "0-1"]
[WhiteElo "1784"]
[BlackElo "1837"]
[PlyCount "82"]
[EventDate "2011.05.31"]

1. e4 e6 2. d3 d5 3. Nd2 c5 4. Ngf3 Nc6 5. g3 Nf6 6. Bg2 Bd6 7. O-O O-O 8. Re1
Bc7 9. Nf1 dxe4 10. dxe4 Qxd1 11. Rxd1 Nxe4 12. Re1 Nf6 13. Bg5 Nb4 14. Ne3
Nfd5 15. Nxd5 exd5 16. Be7 Nxc2 17. Bxf8 Kxf8 18. Rec1 Nxa1 19. Rxc5 Bb6 20.
Rc1 Nb3 21. axb3 Be6 22. Ng5 h6 23. Nxe6+ fxe6 24. Re1 Re8 25. Bh3 e5 26. Bd7
Re7 27. Bc8 Bd4 28. Ra1 a6 29. Ra5 Rf7 30. Rxd5 Rc7 31. Bf5 b6 32. Kg2 Rf7 33.
g4 g6 34. f4 gxf5 35. fxe5 Bc5 36. e6 Rc7 37. gxf5 Ke7 38. Kf3 Kf6 39. Ke4 Be7
40. Rd2 Rc5 41. Rf2 Re5+ 0-1

[Event "Open 150' Unita' d'Italia B"]
[Site "Torino ITA"]
[Date "2011.06.05"]
[Round "9"]
[White "Razzano, Lorenzo"]
[Black "Cacinschi, Alexandru"]
[Result "1/2-1/2"]
[WhiteElo "1951"]
[BlackElo "1974"]
[PlyCount "26"]
[EventDate "2011.05.31"]

1. e4 e6 2. Nf3 c5 3. d4 cxd4 4. Nxd4 Nf6 5. Bd3 Nc6 6. Nf3 Be7 7. Nc3 d6 8.
O-O O-O 9. h3 a6 10. Re1 b5 11. a3 Bb7 12. Bf4 Qb6 13. Qe2 Rac8 1/2-1/2

[Event "Open 150' Unita' d'Italia B"]
[Site "Torino ITA"]
[Date "2011.06.05"]
[Round "9"]
[White "Turini, Gianluca"]
[Black "Figari, Andrea"]
[Result "0-1"]
[WhiteElo "1809"]
[BlackElo "1841"]
[PlyCount "70"]
[EventDate "2011.05.31"]

1. d4 d5 2. c4 c6 3. Nf3 Nf6 4. Nc3 e6 5. Bg5 Be7 6. e3 Nbd7 7. cxd5 exd5 8.
Bd3 O-O 9. O-O h6 10. Bh4 Nh7 11. Bg3 Ndf6 12. h3 Be6 13. a3 Qc8 14. Qc2 g6 15.
Ne2 Ng5 16. Nxg5 hxg5 17. f3 Kg7 18. Kf2 Qd7 19. Be5 Rh8 20. Rh1 Rh7 21. g4
Rah8 22. Kg2 Bd6 23. Bxd6 Qxd6 24. Nc3 Nxg4 25. fxg4 Bxg4 26. Qf2 Rxh3 27. Rxh3
Rxh3 28. Rh1 Rf3 29. Qe1 Qe6 30. Nd1 Bh3+ 31. Kh2 Qd6+ 32. Kg1 Rg3+ 33. Kf2
Rg2+ 34. Kf1 Qf6+ 35. Nf2 Rxf2+ 0-1